000 00304nam a2200121Ia 4500
008 240731s9999 xx 000 0 und d
022 _a2574-2558
245 0 _aCogent Mathematics & Statistics
260 _bCogent OA
856 _uhttps://www.tandfonline.com/loi/oama21
942 _2ddc
942 _cTFEJ
999 _c75942
_d75942
945 _a1
_bMadushi Gamage
_c1
_dMadushi Gamage